| 000 | 05056namaa22004211i 4500 | ||
|---|---|---|---|
| 003 | OSt | ||
| 005 | 20260331130028.0 | ||
| 008 | 250827s2024 ua a|||frm||| 000 0 eng d | ||
| 040 |
_aEG-GICUC _bara _cEG-GICUC _dEG-GICUC _erda |
||
| 041 | 0 |
_aara _bara _beng |
|
| 049 | _aإيداع | ||
| 082 | 0 | 4 | _a004.678 |
| 092 |
_a004.678 _221 |
||
| 097 | _aدكتوراه | ||
| 099 | _aCai01.04.06.Ph.D.2024.عم.م | ||
| 100 | 0 |
_a،عمار محمد حسين اليافعي _eإعداد. |
|
| 245 | 1 | 0 |
_aمشكلات المسئولية المدنية الناشئة عن استخدام وسائل التواصل الاجتماعي / _cإعداد عمار محمد حسين اليافعي؛ إشراف أ.د محمد سامي عبد الصادق. |
| 246 | 1 | 5 | _aCivil liability issues arising from the use of social media / |
| 264 | 0 | _c2024. | |
| 300 |
_a276 صفحة : _bإيضاحيات ؛ _c30 سم. + _eCD. |
||
| 336 |
_atext _2rda content |
||
| 337 |
_aUnmediated _2rdamedia |
||
| 338 |
_avolume _2rdacarrier |
||
| 502 | _aأطروحة (دكتوراه)-جامعة القاهرة، 2024. | ||
| 504 | _aببليوجرافيا: صفحات 246-267. | ||
| 520 | _a تطورت مواقع التواصل الاجتماعي مع تطور وسائل الاتصال والتكنولوجيا الحديثة، حيث زاد استخدام مواقع التواصل الاجتماعي من خلال استخدام الأفراد الرسائل الإلكترونية، وأصبح التواصل مع أفراد المجتمع مع بعضهم البعض وحول العالم كسرت حدود الزمان والمكان، بفضل التكنولوجيا الحديثة، والتي تسمح للأفراد في التواصل عبر الفضاء الإلكتروني، من خلال استخدامهم تويتر وفيسبوك ويوتيوب، حيث أصبحت مواقع التواصل الاجتماعي من أساسيات الحياة لدى أفراد المجتمع، ويستخدمون مواقع التواصل الاجتماعي عن طريق الهواتف الذكية وأجهزة الحاسب الآلي، وهذا الانفتاح الكبير الذي عملت عليه التكنولوجيا الحديثة و قربت المسافات بين سكان قارات العالم على اختلاف ثقافتهم، خاصة ما تزايد عدد المستخدمين حول العالم لمواقع التواصل الاجتماعي . وقد قمت بتقسيم الرسالة في فصل تمهيدي، وبابين رئيسيين وخاتمة ونتائج وتوصيات، تحدثت في الفصل التمهيدي: وسائل التواصل الاجتماعي، والباب الأول: مفهوم الخصوصية وصور الانتهاك الإلكتروني، الباب الثاني: المسئولية المدنية المترتبة على المعتدي وطرق التعويض. | ||
| 520 | _a Social networking sites have evolved with the development of means of communication and modern technology, as the use of social networking sites has increased through the use of e-mails by individuals, and communication with members of society with each other and around the world has broken the boundaries of time and space, thanks to modern technology, which allows individuals to communicate via electronic space, through their use of Twitter, Facebook and YouTube, where social networking sites have become one of the basics of life for members of society, and they use social networking sites through smartphones and computers, and this great openness worked on by modern technology and brought the distances between the inhabitants of the continents of the world to their different culture, especially the increasing number of users around the world For social networking sites. I divided the letter into an introductory chapter, two main chapters and a conclusion, results and recommendations, I spoke in the preliminary chapter: social media, and Part I: the concept of privacy and images of electronic violation, Part II: Civil liability arising from the aggressor and methods of compensation. | ||
| 530 | _aصدر أيضًا كقرص مدمج. | ||
| 546 | _aالنص بالعربية والملخص باللغة الإنجليزية والعربية. | ||
| 650 | 7 |
_aالانترنت _2qrmak _xقوانين و تشريعات |
|
| 650 | 7 | _aالقانون المدنى | |
| 653 | 0 |
_aتطورت مواقع التواصل الاجتماعي _aوسائل الاتصال والتكنولوجيا الحديثة _aالرسائل الإلكترونية |
|
| 700 | 0 |
_aمحمد سامي عبد الصادق _eمشرف أطروحة. |
|
| 900 |
_b01-01-2024 _cمحمد سامي عبد الصادق _dفــاروق أحمــد الأباصيري _dعـــمـــــــرو طــــــــــــه بـــــــدوي _Uجامعة القاهرة _Fكلية الحقوق _Dقسم القانون المدني |
||
| 905 |
_aSara _eAfaf |
||
| 942 |
_2ddc _cTH _e21 _n0 |
||
| 999 | _c178865 | ||